Soal jawab peperiksaan am kerajaan

Bibliographic Details
Main Author: Tang, Chee Yee (Author)
Format: Book
Published: Petaling Jaya : Fajar Bakti , 1990
Subjects:

MARC

LEADER 00000cam a2200000 7i4500
001 0000002927
005 20021118093000.0
008 021118n
020 |a 9676514667 
090 0 0 |a JQ716.Z13   |b E877 1990 
100 0 |a Tang, Chee Yee ,   |e author 
245 0 0 |a Soal jawab peperiksaan am kerajaan   |c Tang Chee Yee 
260 2 |a Petaling Jaya :   |b Fajar Bakti ,   |c 1990 
300 |a viii, [244 ms.] ; ;   |c 21 sm. 
504 |a Bibliografi: ms. 224 
650 0 |a Civil service   |z Malaysia   |x Examinations, questions, etc. 
999 |a 1000058964   |b Book   |c OPEN SHELF (30 DAYS)   |e Gong Badak Campus 
999 |a 1000067022   |b Book   |c OPEN SHELF (30 DAYS)   |e Gong Badak Campus